<?xml version="1.0" encoding="UTF-8"?>
<record
    xmlns:xsi="http://www.w3.org/2001/XMLSchema-instance"
    xsi:schemaLocation="http://www.loc.gov/MARC21/slim http://www.loc.gov/standards/marcxml/schema/MARC21slim.xsd"
    xmlns="http://www.loc.gov/MARC21/slim">

  <leader>00850nam a22001577a 4500</leader>
  <controlfield tag="003">OSt</controlfield>
  <controlfield tag="005">20161104111240.0</controlfield>
  <controlfield tag="008">161104b        xxu||||| |||| 00| 0 eng d</controlfield>
  <datafield tag="040" ind1=" " ind2=" ">
    <subfield code="c">RUA</subfield>
  </datafield>
  <datafield tag="082" ind1=" " ind2=" ">
    <subfield code="a">AGR SON 2015 B521 Or.</subfield>
  </datafield>
  <datafield tag="100" ind1=" " ind2=" ">
    <subfield code="9">11153</subfield>
    <subfield code="a">SONG BUN SREANG; &#x179F;&#x17BB;&#x1784; &#x1794;&#x17CA;&#x17BB;&#x1793;&#x179F;&#x17D2;&#x179A;&#x17C0;&#x1784;</subfield>
  </datafield>
  <datafield tag="245" ind1=" " ind2=" ">
    <subfield code="a">Comparison of seed rate and herbicide on direct seeding of Chul'sa rice variety in wet season at Royal University of Agriculture; &#x1794;&#x17D2;&#x179A;&#x17C0;&#x1794;&#x1792;&#x17C0;&#x1794;&#x1794;&#x179A;&#x17B7;&#x1798;&#x17B6;&#x178E;&#x1782;&#x17D2;&#x179A;&#x17B6;&#x1794;&#x17CB;&#x1796;&#x17BC;&#x1787; &#x1793;&#x17B7;&#x1784;&#x1790;&#x17D2;&#x1793;&#x17B6;&#x17C6;&#x179F;&#x17D2;&#x1798;&#x17C5;&#x1791;&#x17C5;&#x179B;&#x17BE;&#x179F;&#x17D2;&#x179A;&#x17BC;&#x179C;&#x1796;&#x1784;&#x17D2;&#x179A;&#x17C4;&#x17C7;&#x1796;&#x17BC;&#x1787;&#x1787;&#x179B;&#x179F;&#x17B6;&#x179A;&#x179B;&#x1780;&#x17D2;&#x1781;&#x1781;&#x178E;&#x17D2;&#x178C;&#x179A;&#x178A;&#x17BC;&#x179C;&#x179C;&#x179F;&#x17D2;&#x179F;&#x17B6;&#x1793;&#x17C5;&#x179F;&#x17B6;&#x1780;&#x179B;&#x179C;&#x17B7;&#x1791;&#x17D2;&#x1799;&#x17B6;&#x179B;&#x17D0;&#x1799;&#x1797;&#x17BC;&#x1798;&#x17B7;&#x1793;&#x17D2;&#x1791;&#x1780;&#x179F;&#x17B7;&#x1780;&#x1798;&#x17D2;&#x1798;</subfield>
  </datafield>
  <datafield tag="260" ind1=" " ind2=" ">
    <subfield code="a">Phnom Penh</subfield>
    <subfield code="b">RUA</subfield>
    <subfield code="c">2015</subfield>
  </datafield>
  <datafield tag="300" ind1=" " ind2=" ">
    <subfield code="a">xi; 50p;</subfield>
    <subfield code="b">ill;</subfield>
    <subfield code="c">29cm;</subfield>
  </datafield>
  <datafield tag="942" ind1=" " ind2=" ">
    <subfield code="2">ddc</subfield>
    <subfield code="c">AGR</subfield>
  </datafield>
  <datafield tag="999" ind1=" " ind2=" ">
    <subfield code="c">10725</subfield>
    <subfield code="d">10725</subfield>
  </datafield>
  <datafield tag="952" ind1=" " ind2=" ">
    <subfield code="0">0</subfield>
    <subfield code="1">0</subfield>
    <subfield code="2">ddc</subfield>
    <subfield code="4">0</subfield>
    <subfield code="6">AGR_SON_2015_000000000000000_B521_OR_1</subfield>
    <subfield code="7">0</subfield>
    <subfield code="9">55873</subfield>
    <subfield code="a">LBB</subfield>
    <subfield code="b">LBB</subfield>
    <subfield code="c">B521</subfield>
    <subfield code="d">2016-11-04</subfield>
    <subfield code="o">AGR SON 2015 B521 Or.1</subfield>
    <subfield code="p">A00644</subfield>
    <subfield code="r">2016-11-04</subfield>
    <subfield code="w">2016-11-04</subfield>
    <subfield code="y">AGR</subfield>
  </datafield>
  <datafield tag="952" ind1=" " ind2=" ">
    <subfield code="0">0</subfield>
    <subfield code="1">0</subfield>
    <subfield code="2">ddc</subfield>
    <subfield code="4">0</subfield>
    <subfield code="6">AGR_SON_2015_000000000000000_B521_OR_2</subfield>
    <subfield code="7">0</subfield>
    <subfield code="9">55874</subfield>
    <subfield code="a">LBB</subfield>
    <subfield code="b">LBB</subfield>
    <subfield code="c">B521</subfield>
    <subfield code="d">2016-11-04</subfield>
    <subfield code="o">AGR SON 2015 B521 Or.2</subfield>
    <subfield code="p">RUA061836</subfield>
    <subfield code="r">2016-11-04</subfield>
    <subfield code="w">2016-11-04</subfield>
    <subfield code="y">AGR</subfield>
  </datafield>
  <datafield tag="952" ind1=" " ind2=" ">
    <subfield code="0">0</subfield>
    <subfield code="1">0</subfield>
    <subfield code="2">ddc</subfield>
    <subfield code="4">0</subfield>
    <subfield code="6">AGR_SON_2015_000000000000000_B521_OR_3</subfield>
    <subfield code="7">0</subfield>
    <subfield code="9">55875</subfield>
    <subfield code="a">LBB</subfield>
    <subfield code="b">LBB</subfield>
    <subfield code="c">B521</subfield>
    <subfield code="d">2016-11-04</subfield>
    <subfield code="l">1</subfield>
    <subfield code="o">AGR SON 2015 B521 Or.3</subfield>
    <subfield code="p">RUA062438</subfield>
    <subfield code="r">2024-01-19</subfield>
    <subfield code="s">2024-01-05</subfield>
    <subfield code="w">2016-11-04</subfield>
    <subfield code="y">AGR</subfield>
  </datafield>
  <datafield tag="952" ind1=" " ind2=" ">
    <subfield code="0">0</subfield>
    <subfield code="1">0</subfield>
    <subfield code="2">ddc</subfield>
    <subfield code="4">0</subfield>
    <subfield code="6">AGR_SON_2015_000000000000000_B521_OR_4</subfield>
    <subfield code="7">0</subfield>
    <subfield code="9">55876</subfield>
    <subfield code="a">LBB</subfield>
    <subfield code="b">LBB</subfield>
    <subfield code="c">B521</subfield>
    <subfield code="d">2016-11-04</subfield>
    <subfield code="o">AGR SON 2015 B521 Or.4</subfield>
    <subfield code="p">A00557</subfield>
    <subfield code="r">2016-11-04</subfield>
    <subfield code="w">2016-11-04</subfield>
    <subfield code="y">AGR</subfield>
  </datafield>
  <datafield tag="952" ind1=" " ind2=" ">
    <subfield code="0">0</subfield>
    <subfield code="1">0</subfield>
    <subfield code="2">ddc</subfield>
    <subfield code="4">0</subfield>
    <subfield code="6">AGR_SON_2015_000000000000000_B521_OR_5</subfield>
    <subfield code="7">0</subfield>
    <subfield code="9">55877</subfield>
    <subfield code="a">LBB</subfield>
    <subfield code="b">LBB</subfield>
    <subfield code="c">B521</subfield>
    <subfield code="d">2016-11-04</subfield>
    <subfield code="l">1</subfield>
    <subfield code="o">AGR SON 2015 B521 Or.5</subfield>
    <subfield code="p">A02453</subfield>
    <subfield code="r">2020-09-08</subfield>
    <subfield code="s">2020-08-25</subfield>
    <subfield code="w">2016-11-04</subfield>
    <subfield code="y">AGR</subfield>
  </datafield>
  <datafield tag="952" ind1=" " ind2=" ">
    <subfield code="0">0</subfield>
    <subfield code="1">0</subfield>
    <subfield code="2">ddc</subfield>
    <subfield code="4">0</subfield>
    <subfield code="6">AGR_SON_2015_000000000000000_B521_OR_16</subfield>
    <subfield code="7">0</subfield>
    <subfield code="9">55878</subfield>
    <subfield code="a">LBB</subfield>
    <subfield code="b">LBB</subfield>
    <subfield code="c">B521</subfield>
    <subfield code="d">2016-11-04</subfield>
    <subfield code="o">AGR SON 2015 B521 Or.16</subfield>
    <subfield code="p">A02723</subfield>
    <subfield code="r">2016-11-04</subfield>
    <subfield code="w">2016-11-04</subfield>
    <subfield code="y">AGR</subfield>
  </datafield>
  <datafield tag="952" ind1=" " ind2=" ">
    <subfield code="0">0</subfield>
    <subfield code="1">0</subfield>
    <subfield code="2">ddc</subfield>
    <subfield code="4">0</subfield>
    <subfield code="6">AGR_SON_2015_000000000000000_B521_OR_7</subfield>
    <subfield code="7">0</subfield>
    <subfield code="9">55879</subfield>
    <subfield code="a">LBB</subfield>
    <subfield code="b">LBB</subfield>
    <subfield code="c">B521</subfield>
    <subfield code="d">2016-11-04</subfield>
    <subfield code="o">AGR SON 2015 B521 Or.7</subfield>
    <subfield code="p">A02042</subfield>
    <subfield code="r">2016-11-04</subfield>
    <subfield code="w">2016-11-04</subfield>
    <subfield code="y">AGR</subfield>
  </datafield>
  <datafield tag="952" ind1=" " ind2=" ">
    <subfield code="0">0</subfield>
    <subfield code="1">0</subfield>
    <subfield code="2">ddc</subfield>
    <subfield code="4">0</subfield>
    <subfield code="6">AGR_SON_2015_000000000000000_B691_OR</subfield>
    <subfield code="7">0</subfield>
    <subfield code="9">86952</subfield>
    <subfield code="a">LBB</subfield>
    <subfield code="b">LBB</subfield>
    <subfield code="c">B691</subfield>
    <subfield code="d">2021-09-29</subfield>
    <subfield code="l">1</subfield>
    <subfield code="o">AGR SON 2015 B691 Or.</subfield>
    <subfield code="p">a09793</subfield>
    <subfield code="r">2024-01-15</subfield>
    <subfield code="s">2024-01-04</subfield>
    <subfield code="w">2021-09-29</subfield>
    <subfield code="y">AGR</subfield>
  </datafield>
  <datafield tag="952" ind1=" " ind2=" ">
    <subfield code="0">0</subfield>
    <subfield code="1">0</subfield>
    <subfield code="2">ddc</subfield>
    <subfield code="4">0</subfield>
    <subfield code="6">AGR_SON_2015_000000000000000_B691_OR</subfield>
    <subfield code="7">0</subfield>
    <subfield code="9">86953</subfield>
    <subfield code="a">LBB</subfield>
    <subfield code="b">LBB</subfield>
    <subfield code="c">B691</subfield>
    <subfield code="d">2021-09-29</subfield>
    <subfield code="l">2</subfield>
    <subfield code="o">AGR SON 2015 B691 Or.</subfield>
    <subfield code="p">A09792</subfield>
    <subfield code="r">2025-06-02</subfield>
    <subfield code="s">2025-05-08</subfield>
    <subfield code="w">2021-09-29</subfield>
    <subfield code="y">AGR</subfield>
  </datafield>
</record>
